[Event "14 ème Open Noel TOUR du ROY"]
[Site "Charleville"]
[Date "2017.12.26"]
[Round "2.7"]
[White "Leclere, Jean-Yves"]
[Black "Halfaoui, Eddine"]
[Result "0-1"]
[WhiteElo "1695"]
[BlackElo "2005"]
[PlyCount "62"]
[EventDate "2017.??.??"]

1. e4 d6 2. d4 Nf6 3. f3 g6 4. c4 Bg7 5. Nc3 O-O 6. Be3 c6 7. Qd2 e5 8. Nge2
Nfd7 9. O-O-O b5 10. cxb5 cxb5 11. Nxb5 Ba6 12. Nec3 Bxb5 13. Bxb5 Qa5 14. Bxd7
Nxd7 15. Kb1 Rab8 16. Nd5 Qa4 17. b3 Rb7 18. Rc1 Rfb8 19. Rc8+ Rxc8 20. Ne7+
Kh8 21. Nxc8 exd4 22. Nxd6 Rxb3+ 23. axb3 Qxb3+ 24. Qb2 Qxe3 25. f4 (25. Nxf7+
Kg8 26. Nd6 Qd3+) 25... Qxf4 26. Qb4 Be5 27. Nc4 Qxe4+ 28. Ka2 Qxg2+ 29. Ka3
Qxh1 30. Qe7 Qa1+ 31. Kb3 Qc3+ 0-1

[Event "14 ème Open Noel TOUR du ROY"]
[Site "Charleville"]
[Date "2017.12.26"]
[Round "2.8"]
[White "Smailovic, Omer"]
[Black "Louis, Andre"]
[Result "0-1"]
[WhiteElo "1995"]
[BlackElo "1696"]
[PlyCount "57"]
[EventDate "2017.??.??"]

1. d4 Nf6 2. Nf3 d5 3. c4 c6 4. Nc3 h6 5. Qc2 e6 6. e3 a6 7. Bd3 dxc4 8. Bxc4
b5 9. Bd3 Bb7 10. Ne5 Nbd7 11. O-O Rc8 12. b3 Nxe5 13. dxe5 Nd5 14. Nxd5 cxd5
15. Qd2 Bc5 16. b4 Bb6 17. a4 bxa4 18. Rxa4 Ra8 19. Ba3 d4 20. e4 Qg5 21. f4
Qd8 22. Qe1 Rc8 23. Qg3 Rg8 24. h4 Rc3 25. Bb2 Rb3 26. Rf3 Rxb2 27. f5 g5 28.
fxe6 Rg7 29. Rf6 0-1

[Event "14 ème Open Noel TOUR du ROY"]
[Site "Charleville"]
[Date "2017.12.26"]
[Round "2.9"]
[White "Fauchart, Francois"]
[Black "Monceau, Etienne"]
[Result "0-1"]
[WhiteElo "1685"]
[BlackElo "1987"]
[PlyCount "88"]
[EventDate "2017.??.??"]

1. d4 d5 2. c4 c6 3. Nc3 e6 4. Nf3 Nf6 5. Qc2 Nbd7 6. cxd5 exd5 7. a3 a5 8. Bg5
Be7 9. e4 dxe4 10. Nxe4 O-O 11. Bd3 Nxe4 12. Bxe7 Qxe7 13. Bxe4 f5 14. O-O fxe4
15. Rfe1 Nf6 16. Ng5 Re8 17. f3 e3 18. Re2 h6 19. Ne4 Nd5 20. Rd1 Bf5 21. Qb3
Bxe4 22. Rxe3 a4 23. Qc4 b5 24. Qa2 Qf7 25. Rxe4 Rxe4 26. fxe4 Rf8 27. b4 axb3
28. Qd2 Nc3 29. h3 Qf2+ 30. Qxf2 Rxf2 31. Kxf2 b2 32. d5 cxd5 33. exd5 b1=Q 34.
Rxb1 Nxb1 35. Ke3 Kf7 36. Kd4 Ke7 37. Kc5 Nxa3 38. Kb4 Kd6 39. Kxa3 Kxd5 40.
Kb4 Ke4 41. Kxb5 Kf4 42. Kc5 Kg3 43. Kd5 Kxg2 44. h4 Kg3 0-1

[Event "14 ème Open Noel TOUR du ROY"]
[Site "Charleville"]
[Date "2017.12.26"]
[Round "2.10"]
[White "Pytel, Bozena"]
[Black "Prioux, Michel"]
[Result "0-1"]
[WhiteElo "1882"]
[BlackElo "1689"]
[PlyCount "31"]
[EventDate "2017.??.??"]

1. Nf3 Nf6 2. d4 e6 3. e3 c5 4. Bd3 cxd4 5. exd4 b6 6. Nbd2 Bb7 7. O-O Be7 8.
Re1 O-O 9. b3 d6 10. Nf1 Nbd7 11. Ng3 Re8 12. c4 a5 13. Bb2 a4 14. Ng5 h6 15.
Nh3 a3 16. Bc3 0-1

[Event "14 ème Open Noel TOUR du ROY"]
[Site "Charleville"]
[Date "2017.12.26"]
[Round "2.11"]
[White "Vandervorst, Marc"]
[Black "Marini, Franck"]
[Result "1/2-1/2"]
[WhiteElo "1612"]
[BlackElo "1630"]
[PlyCount "102"]
[EventDate "2017.??.??"]

1. e4 e6 2. d4 d5 3. Nc3 Nf6 4. e5 Nfd7 5. Nf3 c5 6. Be3 Nc6 7. Bb5 a6 8. Bxc6
bxc6 9. O-O cxd4 10. Bg5 Qc7 11. Qxd4 c5 12. Qa4 Bb7 13. Qg4 d4 14. Na4 Rc8 15.
Rad1 Bxf3 16. Qxf3 Nxe5 17. Qh3 Bd6 18. Rfe1 O-O 19. Re2 Ng6 20. g3 Ne5 21. Qg2
Qc6 22. Qxc6 Rxc6 23. Kg2 Ng6 24. b3 e5 25. Nb2 f6 26. Bd2 f5 27. f3 Re8 28.
Rde1 Bb8 29. Nc4 Rce6 30. Ba5 Ba7 31. h4 e4 32. h5 exf3+ 33. Kxf3 Rxe2 34. Rxe2
Rxe2 35. Kxe2 Ne7 36. c3 dxc3 37. Bxc3 Bb8 38. Be1 g6 39. hxg6 hxg6 40. Kf3 Kf7
41. Bf2 Nd5 42. Bxc5 Nc3 43. a4 Ne4 44. Bf2 Ke6 45. g4 Nd6 46. gxf5+ gxf5 47.
Nxd6 Bxd6 48. Be1 Kd5 49. b4 Kc4 50. b5 axb5 51. axb5 Kxb5 1/2-1/2

[Event "14 ème Open Noel TOUR du ROY"]
[Site "Charleville"]
[Date "2017.12.26"]
[Round "2.12"]
[White "Calaresu, Tony"]
[Black "Jacobs, Georges"]
[Result "0-1"]
[WhiteElo "1344"]
[BlackElo "1602"]
[PlyCount "67"]
[EventDate "2017.??.??"]

1. d4 Nf6 2. Nf3 d5 3. e3 Bg4 4. Nbd2 e6 5. Bd3 Bd6 6. O-O O-O 7. b3 Nbd7 8.
Qe1 Bb4 9. Be2 Ne4 10. Ne5 Nxe5 11. dxe5 Bf5 12. f3 Nc3 13. Bd3 d4 14. Bxf5
exf5 15. Qf2 dxe3 16. Qxe3 Qe7 17. Kh1 Nd5 18. Qe2 Bc3 19. Rb1 Qxe5 20. Qxe5
Bxe5 21. Nc4 Bf6 22. Ne3 Nc3 23. Ra1 Ne2 24. Rb1 Nxc1 25. Rbxc1 f4 26. Nd5 Be5
27. Rfe1 Bd6 28. Re4 f5 29. Rc4 c6 30. Nxf4 Bxf4 31. Rxf4 Rfd8 32. g4 fxg4 33.
Rf8+ Rxf8 34. fxg4 0-1

[Event "14 ème Open Noel TOUR du ROY"]
[Site "Charleville"]
[Date "2017.12.26"]
[Round "2.14"]
[White "De Andrade, Mathis"]
[Black "Charbau, Yanick"]
[Result "0-1"]
[WhiteElo "1299"]
[BlackElo "1553"]
[PlyCount "62"]
[EventDate "2017.??.??"]

1. e4 c5 2. Nf3 Nc6 3. Bb5 Nd4 4. Nxd4 cxd4 5. c3 a6 6. Ba4 dxc3 7. dxc3 e6 8.
Nd2 Nf6 9. Bc2 d6 10. Nf3 Be7 11. Bg5 Qb6 12. b3 O-O 13. O-O h6 14. Be3 Qc7 15.
c4 b6 16. Qd4 Rb8 17. e5 dxe5 18. Qxe5 Bd6 19. Qb2 Bb7 20. Bxh6 Bxf3 21. Bh7+
Kxh7 22. gxf3 Be5 23. Qd2 gxh6 24. Rac1 Bxh2+ 25. Kh1 Qf4 26. Qd3+ Kh8 27. c5
Rg8 28. Rc4 Qg5 29. Rg4 Nxg4 30. fxg4 Qxg4 31. Qc3+ e5 0-1

[Event "14 ème Open Noel TOUR du ROY"]
[Site "Charleville"]
[Date "2017.12.26"]
[Round "2.15"]
[White "Raguet, Boris"]
[Black "Boudry, Rik"]
[Result "1-0"]
[WhiteElo "1543"]
[BlackElo "1322"]
[PlyCount "69"]
[EventDate "2017.??.??"]

1. e4 d6 2. d4 Nf6 3. Nc3 c6 4. Bd3 Bg4 5. f3 Bh5 6. Be3 e6 7. Qd2 d5 8. Bg5 h6
9. Bxf6 Qxf6 10. Qf2 Bb4 11. Nge2 Nd7 12. e5 Qd8 13. Nf4 Qg5 14. Nh3 Qe7 15.
Qd2 Qh4+ 16. Nf2 Qxd4 17. f4 g5 18. g3 Nc5 19. a3 Nxd3+ 20. cxd3 Bc5 21. O-O
gxf4 22. Ne2 Bxe2 23. Qxe2 Rg8 24. Kg2 O-O-O 25. Ng4 Rg6 26. Rxf4 Qxf4 27. gxf4
h5 28. h3 hxg4 29. hxg4 Rdg8 30. g5 Bd4 31. Rh1 f6 32. exf6 Rxf6 33. Rh4 Rxg5+
34. fxg5 Rf2+ 35. Qxf2 1-0

[Event "14 ème Open Noel TOUR du ROY"]
[Site "Charleville"]
[Date "2017.12.26"]
[Round "2.16"]
[White "Decruyenaere, Pierre-Stephane"]
[Black "Menoux, Joachim"]
[Result "0-1"]
[WhiteElo "1255"]
[BlackElo "1525"]
[PlyCount "46"]
[EventDate "2017.??.??"]

1. e4 e6 2. d4 d5 3. Nc3 Nf6 4. e5 Nfd7 5. Nf3 c5 6. Bb5 a6 7. Bd3 Nc6 8. Be3
Qb6 9. b3 cxd4 10. Nxd4 Nxd4 11. Qg4 Bc5 12. Qxg7 Rf8 13. Qxh7 Nxe5 14. O-O
Nxd3 15. Qxd3 Bd7 16. Qh7 O-O-O 17. Bg5 Rh8 18. Qd3 Rdg8 19. Bf6 Rh6 20. Na4
Qb5 21. Nxc5 Qxd3 22. Nxd3 Nf3+ 23. Kh1 Rxh2# 0-1

[Event "14 ème Open Noel TOUR du ROY"]
[Site "Charleville"]
[Date "2017.12.26"]
[Round "2.17"]
[White "Mondeel, Paul"]
[Black "Toro, Raphael"]
[Result "1-0"]
[WhiteElo "1508"]
[BlackElo "1280"]
[PlyCount "39"]
[EventDate "2017.??.??"]

1. e4 Nf6 2. Nc3 d6 3. Bc4 e5 4. Nf3 Nbd7 5. Ng5 Qe7 6. Bxf7+ Kd8 7. Bb3 Ng4 8.
Qxg4 Nc5 9. Qg3 h6 10. Nf7+ Ke8 11. Nxh8 Nxb3 12. axb3 Be6 13. O-O Qf6 14. Qg6+
Qxg6 15. Nxg6 Rd8 16. d3 Rd7 17. Rxa7 Rf7 18. f4 exf4 19. Rxf4 Rxf4 20. Nxf4
1-0

[Event "14 ème Open Noel TOUR du ROY"]
[Site "Charleville"]
[Date "2017.12.26"]
[Round "2.18"]
[White "Regnier, Cedric"]
[Black "Vielle, Eric"]
[Result "1-0"]
[WhiteElo "1479"]
[BlackElo "1250"]
[PlyCount "49"]
[EventDate "2017.??.??"]

1. d4 d5 2. Nf3 Nc6 3. e3 Bf5 4. c4 e6 5. cxd5 exd5 6. a3 Nf6 7. Bd3 Bxd3 8.
Qxd3 Bd6 9. O-O O-O 10. Nbd2 Qd7 11. b3 Qe6 12. Bb2 Ne4 13. Rfe1 Rae8 14. Qb5
Qh6 15. h3 a6 16. Qxb7 Qg6 17. Qxa6 Ng3 18. Qxc6 Qf5 19. fxg3 Bxg3 20. Rf1 Qd3
21. Qc3 Rxe3 22. Qxd3 Rxd3 23. Rad1 Re8 24. Ne5 f6 25. Nxd3 1-0

[Event "14 ème Open Noel TOUR du ROY"]
[Site "Charleville"]
[Date "2017.12.26"]
[Round "2.19"]
[White "Picot, Nathan"]
[Black "Habart, Thomas"]
[Result "0-1"]
[WhiteElo "1203"]
[BlackElo "1450"]
[PlyCount "72"]
[EventDate "2017.??.??"]

1. e4 c5 2. Nf3 d6 3. d4 cxd4 4. Nxd4 g6 5. Nc3 Bg7 6. Be3 Nf6 7. f3 Be6 8.
Nxe6 fxe6 9. Qd2 Nc6 10. O-O-O Qd7 11. Bh6 Bxh6 12. Qxh6 O-O-O 13. Qe3 Kb8 14.
h3 d5 15. Qf2 Qc7 16. Nb5 Qf4+ 17. Kb1 dxe4 18. Rxd8+ Rxd8 19. Be2 e3 20. Qe1
Qb4 21. Qg3+ e5 22. Nc3 Qf4 23. Qxf4 exf4 24. Bc4 e5 25. Ne2 g5 26. g3 Nd4 27.
Re1 Kc7 28. Nxd4 Rxd4 29. Bd3 fxg3 30. Rg1 e4 31. fxe4 Nxe4 32. b3 h5 33. Kc1
Nc3 34. Rxg3 Rxd3 35. cxd3 Ne2+ 36. Kd1 Nxg3 0-1

[Event "14 ème Open Noel TOUR du ROY"]
[Site "Charleville"]
[Date "2017.12.26"]
[Round "2.20"]
[White "Cieplucha, Yannis"]
[Black "Toro, William"]
[Result "0-1"]
[WhiteElo "1110"]
[BlackElo "1440"]
[PlyCount "77"]
[EventDate "2017.??.??"]

1. e4 c5 2. Nc3 d6 3. Nf3 Nc6 4. g3 Nf6 5. Bg2 Qd7 6. O-O g6 7. d3 Bg7 8. Bd2
O-O 9. Qc1 Ng4 10. Bh3 Re8 11. Bh6 Bxh6 12. Qxh6 Nxh6 13. Bxd7 Bxd7 14. Nd5
Rac8 15. c4 e6 16. Nc3 e5 17. Nb5 Re6 18. Ng5 Rf6 19. b3 a6 20. Nc3 Be6 21. f4
exf4 22. gxf4 Ng4 23. Nxe6 Rxe6 24. f5 gxf5 25. exf5 Re3 26. Rad1 Re5 27. Nd5
Rce8 28. h3 Ne3 29. Nxe3 Rxe3 30. h4 Rh3 31. Rf4 Re2 32. f6 Nd4 33. Rg4+ Kh8
34. Kf1 Rh1+ 35. Rg1 Rxg1+ 36. Kxg1 Rxa2 37. Re1 Nf3+ 38. Kf1 Nxe1 39. Kxe1 0-1

[Event "14 ème Open Noel TOUR du ROY"]
[Site "Charleville"]
[Date "2017.12.26"]
[Round "2.21"]
[White "Hoch, Anna"]
[Black "Rolland, Camille"]
[Result "1-0"]
[WhiteElo "1412"]
[BlackElo "1153"]
[PlyCount "59"]
[EventDate "2017.??.??"]

1. d4 d5 2. Nf3 Nc6 3. Bg5 Nf6 4. e3 h6 5. Bh4 g5 6. Bg3 Bg7 7. c3 Bg4 8. Nbd2
O-O 9. Bd3 Re8 10. h3 Bh5 11. Qc2 e6 12. Ne5 Nd7 13. Bh7+ Kf8 14. Nxd7+ Qxd7
15. f3 e5 16. O-O-O exd4 17. exd4 Ne7 18. Rde1 b6 19. f4 g4 20. f5 c5 21. Be5
Bxe5 22. dxe5 Nc6 23. e6 fxe6 24. fxe6 Rxe6 25. Qf5+ Bf7 26. Rhf1 Nd8 27. hxg4
Kg7 28. g5 h5 29. g4 Bg6 30. Bxg6 1-0

[Event "14 ème Open Noel TOUR du ROY"]
[Site "Charleville"]
[Date "2017.12.26"]
[Round "3.1"]
[White "Joie, Sebastien"]
[Black "Boudry, William"]
[Result "1-0"]
[WhiteElo "2363"]
[BlackElo "2042"]
[PlyCount "91"]
[EventDate "2017.??.??"]

1. d4 d6 2. g3 e5 3. dxe5 dxe5 4. Qxd8+ Kxd8 5. Nc3 Be6 6. f4 Nd7 7. Bg2 c6 8.
Nf3 Bd6 9. Ng5 exf4 10. Nce4 Bc7 11. gxf4 Bd5 12. b3 f5 13. Bb2 h6 14. Bxg7
hxg5 15. Bxh8 Bxf4 16. Nxg5 Bxg2 17. Rg1 Bd5 18. e4 fxe4 19. c4 Bxg5 20. Rxg5
Bf7 21. O-O-O Ke7 22. Bc3 b6 23. Rg7 Ngf6 24. h4 Rh8 25. Rxd7+ Nxd7 26. Rxf7+
Kxf7 27. Bxh8 Kg6 28. Kd2 Kh5 29. Ke3 Kxh4 30. Kxe4 Kg5 31. b4 a6 32. Be5 Kg6
33. a4 Kf7 34. Bc7 Ke6 35. Kd4 c5+ 36. Kc3 Ne5 37. b5 axb5 38. cxb5 Nd7 39. Kc4
Ne5+ 40. Bxe5 Kxe5 41. a5 bxa5 42. b6 Kd6 43. Kb5 c4 44. Ka6 c3 45. b7 Kc5 46.
Kxa5 1-0

[Event "14 ème Open Noel TOUR du ROY"]
[Site "Charleville"]
[Date "2017.12.26"]
[Round "3.2"]
[White "Halfaoui, Eddine"]
[Black "Pytel, Krzysztof"]
[Result "1/2-1/2"]
[WhiteElo "2005"]
[BlackElo "2304"]
[PlyCount "174"]
[EventDate "2017.??.??"]

1. d4 e6 2. c4 f5 3. Nf3 Nf6 4. g3 Be7 5. Bg2 O-O 6. O-O Ne4 7. Nc3 Nxc3 8.
bxc3 Bf6 9. Rb1 Nc6 10. Qc2 Na5 11. c5 b6 12. Ne5 Bb7 13. Bxb7 Nxb7 14. Nd3 Na5
15. Qa4 d5 16. cxd6 cxd6 17. Nf4 Qe8 18. Qxe8 Rfxe8 19. e3 Rac8 20. Ne2 Nc4 21.
Rd1 e5 22. Bd2 g5 23. Kf1 e4 24. Rb5 Kf7 25. Rxf5 Ke6 26. g4 d5 27. h4 h6 28.
f4 exf3 29. Rxf3 Nd6 30. Ng3 gxh4 31. Nh5 Ne4 32. Kg2 Rg8 33. Rf4 Bg5 34. Rf5
Rcf8 35. Re5+ Kd6 36. Be1 Re8 37. Rxe8 Rxe8 38. Ng7 Rc8 39. Nf5+ Kd7 40. Rc1
Rc4 41. Kh3 b5 42. Rb1 a6 43. Rb4 Rxb4 44. cxb4 Ke6 45. a3 Nd6 46. Nxd6 Kxd6
47. Bf2 Ke6 48. Kg2 Kf7 49. Kf3 Ke6 50. Bg1 Be7 51. Bh2 Bg5 52. Bf4 Kf6 53.
Be5+ Kf7 54. Bf4 Kg6 55. Bh2 Bf6 56. Kf4 Bg5+ 57. Kf3 Kf7 58. Be5 Ke6 59. Bh2
Kd7 60. Ke2 Ke6 61. Kf3 Kf7 62. Bd6 Kg6 63. Bh2 Bd8 64. Bd6 a5 65. e4 axb4 66.
axb4 dxe4+ 67. Kxe4 Kg5 68. Kf3 Kf6 69. Bf4 Be7 70. Bd2 Ke6 71. Ke4 h3 72. d5+
Kd7 73. Kf3 Bg5 74. Be1 Bf4 75. Bf2 Kd6 76. Bg3 Bxg3 77. Kxg3 Kxd5 78. Kxh3 Ke4
79. Kg3 Ke3 80. Kh3 Kf3 81. Kh4 Ke4 82. Kg3 Kd4 83. Kh4 Ke4 84. Kg3 Ke3 85. Kh4
Kf2 86. Kh3 Kf3 87. Kh4 Ke2 1/2-1/2

[Event "14 ème Open Noel TOUR du ROY"]
[Site "Charleville"]
[Date "2017.12.26"]
[Round "3.3"]
[White "Rouffignac, Tanguy"]
[Black "Monceau, Etienne"]
[Result "0-1"]
[WhiteElo "2274"]
[BlackElo "1987"]
[PlyCount "66"]
[EventDate "2017.??.??"]

1. e4 e6 2. d4 d5 3. Nd2 Nf6 4. e5 Nfd7 5. f4 c5 6. c3 Nc6 7. Ndf3 f6 8. Bd3
Qb6 9. a3 Be7 10. h4 f5 11. b4 cxd4 12. b5 Nd8 13. cxd4 Nf7 14. Ne2 Nh6 15. Nc3
Ng4 16. Bd2 a5 17. Bxf5 exf5 18. Nxd5 Qd8 19. Rc1 Nc5 20. Nxe7 Nd3+ 21. Kf1
Qxe7 22. Rc3 Ndf2 23. Qc2 O-O 24. Rg1 Be6 25. Rc7 Qxa3 26. Ng5 Bb3 27. Qc3 Qa4
28. Qc5 Qa1+ 29. Bc1 Qb1 30. g3 Qd3+ 31. Kg2 Qe2 32. Rxg7+ Kxg7 33. Qe7+ Rf7
0-1

[Event "14 ème Open Noel TOUR du ROY"]
[Site "Charleville"]
[Date "2017.12.26"]
[Round "3.4"]
[White "Louis, Andre"]
[Black "Loiret, Stanislas"]
[Result "0-1"]
[WhiteElo "1696"]
[BlackElo "2225"]
[PlyCount "47"]
[EventDate "2017.??.??"]

1. e4 c5 2. Nc3 a6 3. g3 b5 4. Bg2 Bb7 5. d3 e6 6. f4 b4 7. Nce2 f5 8. c4 Nf6
9. Qc2 Qb6 10. Nh3 Be7 11. O-O O-O 12. Bd2 Nc6 13. Nf2 g6 14. b3 d6 15. Rad1 a5
16. Be3 Nd4 17. Nxd4 cxd4 18. Bc1 a4 19. Rde1 Rf7 20. Re2 axb3 21. Qxb3 Nd7 22.
Rb2 d5 23. cxd5 exd5 24. Bd2 0-1

[Event "14 ème Open Noel TOUR du ROY"]
[Site "Charleville"]
[Date "2017.12.26"]
[Round "3.5"]
[White "Prioux, Michel"]
[Black "Van Malder, Dries"]
[Result "0-1"]
[WhiteElo "1689"]
[BlackElo "2018"]
[PlyCount "68"]
[EventDate "2017.??.??"]

1. c4 e5 2. g3 d6 3. Bg2 f5 4. d4 e4 5. Nc3 Be7 6. Nd5 Nf6 7. Nxe7 Qxe7 8. Bg5
O-O 9. Nh3 Nbd7 10. Nf4 Qf7 11. Bxf6 Nxf6 12. Qb3 g5 13. Nd5 Nxd5 14. cxd5 b6
15. h4 g4 16. e3 Bb7 17. Rc1 Rfc8 18. Bf1 Bxd5 19. Bc4 Bxc4 20. Qxc4 c5 21.
Qxf7+ Kxf7 22. dxc5 bxc5 23. Ke2 Rab8 24. Rc2 Ke6 25. Rd1 d5 26. Rcd2 Rd8 27.
b3 Rbc8 28. Rc2 d4 29. exd4 cxd4 30. Rxc8 d3+ 31. Kd2 Rxc8 32. Rc1 Rxc1 33.
Kxc1 f4 34. Kd2 e3+ 0-1

[Event "14 ème Open Noel TOUR du ROY"]
[Site "Charleville"]
[Date "2017.12.26"]
[Round "3.6"]
[White "Francois, Gwladys"]
[Black "Marini, Franck"]
[Result "1/2-1/2"]
[WhiteElo "1738"]
[BlackElo "1630"]
[PlyCount "97"]
[EventDate "2017.??.??"]

1. e4 e6 2. d4 d5 3. Nd2 c5 4. exd5 exd5 5. Ngf3 Nc6 6. dxc5 Bxc5 7. Nb3 Bb6 8.
Be2 Nge7 9. O-O O-O 10. Bf4 Bg4 11. Qd2 Bc7 12. Rad1 Bxf4 13. Qxf4 Be6 14. Nfd4
Ng6 15. Qg3 Nxd4 16. Nxd4 a6 17. Bh5 Qf6 18. Bxg6 hxg6 19. Rfe1 Rfe8 20. Nxe6
Rxe6 21. Rxe6 Qxe6 22. Qd3 Rc8 23. h3 Qe4 24. c3 Qxd3 25. Rxd3 Re8 26. Kf1 Re5
27. f3 g5 28. Kf2 f6 29. Rd2 Kf7 30. Rd3 Ke6 31. Rd4 b5 32. a4 Kd6 33. axb5
axb5 34. b3 g6 35. b4 Kc6 36. Rd2 f5 37. Ra2 Kb6 38. Ra8 f4 39. Ra2 Re3 40. Rc2
Kc6 41. g3 Kd6 42. gxf4 gxf4 43. h4 Ke5 44. Re2 Rxe2+ 45. Kxe2 d4 46. Kd3 dxc3
47. Kxc3 Kd5 48. Kd3 Ke5 49. Kc3 1/2-1/2

[Event "14 ème Open Noel TOUR du ROY"]
[Site "Charleville"]
[Date "2017.12.26"]
[Round "3.7"]
[White "Jacobs, Georges"]
[Black "Smailovic, Omer"]
[Result "0-1"]
[WhiteElo "1602"]
[BlackElo "1995"]
[PlyCount "58"]
[EventDate "2017.??.??"]

1. e4 g6 2. d4 Bg7 3. Nc3 d6 4. Be3 c6 5. Bc4 Nd7 6. Qd2 h6 7. Nge2 Ngf6 8. f3
b5 9. Bb3 a5 10. a3 Bb7 11. O-O Qc7 12. Rfd1 Ba6 13. Nf4 g5 14. Nd3 e6 15. d5
exd5 16. exd5 c5 17. Re1 O-O 18. Nf2 Rfe8 19. Nce4 Nxe4 20. Nxe4 Bxb2 21. Bxg5
hxg5 22. Qxg5+ Bg7 23. Ng3 Qd8 24. Rxe8+ Qxe8 25. Nf5 Qe5 26. Ne7+ Kf8 27. Nf5
Qxa1+ 28. Kf2 Re8 29. Kg3 Qf6 0-1

[Event "14 ème Open Noel TOUR du ROY"]
[Site "Charleville"]
[Date "2017.12.26"]
[Round "3.8"]
[White "Charbau, Yanick"]
[Black "Pytel, Bozena"]
[Result "0-1"]
[WhiteElo "1553"]
[BlackElo "1882"]
[PlyCount "78"]
[EventDate "2017.??.??"]

1. d4 Nf6 2. c4 e6 3. Nf3 d5 4. cxd5 exd5 5. Nc3 Be7 6. Bg5 O-O 7. e3 Nbd7 8.
Be2 c6 9. O-O Re8 10. a3 Ne4 11. Bxe7 Qxe7 12. Rc1 g6 13. Nd2 Nd6 14. Bd3 Nf6
15. Qc2 Bf5 16. Bxf5 Nxf5 17. Rfe1 Qd6 18. h3 Re7 19. Qd3 Rae8 20. b4 a6 21.
Rcd1 Nh4 22. Qf1 h6 23. g3 Nf5 24. Qg2 Kg7 25. Nf3 Qd7 26. g4 Nd6 27. Nd2 g5
28. Qf3 Kg6 29. Ne2 Nfe4 30. Ng3 Nxg3 31. Qxg3 f5 32. Kg2 Qe6 33. Nf3 Ne4 34.
Ne5+ Kg7 35. Qf3 Rf8 36. Qe2 fxg4 37. Nxg4 h5 38. f3 hxg4 39. fxe4 Qxe4+ 0-1

[Event "14 ème Open Noel TOUR du ROY"]
[Site "Charleville"]
[Date "2017.12.26"]
[Round "3.9"]
[White "Fleurentin, Arnaud"]
[Black "Raguet, Boris"]
[Result "1-0"]
[WhiteElo "1796"]
[BlackElo "1543"]
[PlyCount "58"]
[EventDate "2017.??.??"]

1. c4 c6 2. e4 d5 3. exd5 cxd5 4. cxd5 Nf6 5. Nf3 Nxd5 6. Bc4 e6 7. O-O Be7 8.
Nc3 Nb6 9. Bb3 N8d7 10. d4 Nf6 11. Re1 O-O 12. Bc2 Nbd5 13. a3 b6 14. Qd3 Bb7
15. Bg5 g6 16. Bh6 Re8 17. Ne5 Bf8 18. Bg5 Bg7 19. Ba4 Re7 20. Bc6 h6 21. Nxd5
exd5 22. Bxb7 Rxb7 23. Bxf6 Bxf6 24. Rac1 Rc8 25. Rxc8 Qxc8 26. Nxg6 fxg6 27.
Qxg6+ Bg7 28. Re8+ Qxe8 29. Qxe8+ Bf8 1-0

[Event "14 ème Open Noel TOUR du ROY"]
[Site "Charleville"]
[Date "2017.12.26"]
[Round "3.10"]
[White "Menoux, Joachim"]
[Black "Decruyenaere, Robbert"]
[Result "0-1"]
[WhiteElo "1525"]
[BlackElo "1779"]
[PlyCount "70"]
[EventDate "2017.??.??"]

1. d4 Nf6 2. c4 g6 3. Nc3 Bg7 4. e4 d6 5. Nf3 O-O 6. Be3 e5 7. dxe5 dxe5 8.
Qxd8 Rxd8 9. Nd5 Nxd5 10. cxd5 c6 11. Bc4 b5 12. Bb3 Bb7 13. Rd1 Na6 14. Ng5
cxd5 15. exd5 h6 16. Nf3 Nb4 17. d6 e4 18. Nh4 Nd3+ 19. Ke2 Rxd6 20. f3 Rad8
21. Rhf1 exf3+ 22. Nxf3 Nxb2 23. Rxd6 Rxd6 24. Nd2 Bd5 25. Bxd5 Rxd5 26. Bxa7
Na4 27. Ne4 f5 28. Nd2 Nc3+ 29. Ke3 Nxa2 30. Rb1 Nc3 31. Rb3 f4+ 32. Kxf4 Rxd2
33. Kg3 Rd3+ 34. Kf2 Ne4+ 35. Ke2 Rxb3 0-1

[Event "14 ème Open Noel TOUR du ROY"]
[Site "Charleville"]
[Date "2017.12.26"]
[Round "3.11"]
[White "Vande Ginste, Michiel"]
[Black "Mondeel, Paul"]
[Result "1-0"]
[WhiteElo "1757"]
[BlackElo "1508"]
[PlyCount "85"]
[EventDate "2017.??.??"]

1. e4 d6 2. d4 Nf6 3. Nc3 c6 4. a4 Qa5 5. Bd2 Qc7 6. g3 Nbd7 7. Bg2 e5 8. Nge2
Be7 9. O-O O-O 10. h3 a5 11. Be3 b6 12. f4 Ba6 13. g4 Kh8 14. g5 Ng8 15. Rf2 f6
16. h4 Bb7 17. f5 Rad8 18. Ng3 d5 19. exd5 cxd5 20. Bxd5 exd4 21. Bf4 Ne5 22.
Nb5 Qb8 23. Bxb7 Qxb7 24. Nxd4 Rxd4 25. Qxd4 Bc5 26. Bxe5 fxe5 27. Qd2 Qf3 28.
Ra3 Bxf2+ 29. Qxf2 Qd1+ 30. Kg2 Re8 31. c3 Rd8 32. Nf1 Qg4+ 33. Kh2 e4 34. Ne3
Qh5 35. Ra1 Rd3 36. Rf1 Ne7 37. f6 Rd2 38. Qxd2 Qxh4+ 39. Kg1 Qxg5+ 40. Ng2
Qc5+ 41. Qe3 gxf6 42. Qxc5 bxc5 43. Rxf6 1-0

[Event "14 ème Open Noel TOUR du ROY"]
[Site "Charleville"]
[Date "2017.12.26"]
[Round "3.12"]
[White "Londers, Jan"]
[Black "Regnier, Cedric"]
[Result "1-0"]
[WhiteElo "1740"]
[BlackElo "1479"]
[PlyCount "43"]
[EventDate "2017.??.??"]

1. e4 c6 2. Nf3 d5 3. Nc3 Bg4 4. h3 Bh5 5. g4 Bg6 6. exd5 cxd5 7. Bb5+ Nc6 8.
Ne5 Qd6 9. d4 O-O-O 10. Bf4 Qe6 11. Bxc6 bxc6 12. O-O h5 13. Qe2 hxg4 14. Qa6+
Kc7 15. Nxf7+ Kd7 16. Qb7+ Ke8 17. Nxd8 Qf6 18. Qxc6+ Qxc6 19. Nxc6 gxh3 20.
Kh2 Nf6 21. f3 Kd7 22. Ne5+ 1-0

[Event "14 ème Open Noel TOUR du ROY"]
[Site "Charleville"]
[Date "2017.12.26"]
[Round "3.13"]
[White "Habart, Thomas"]
[Black "Hacene, Ahmed"]
[Result "0-1"]
[WhiteElo "1450"]
[BlackElo "1708"]
[PlyCount "36"]
[EventDate "2017.??.??"]

1. d4 Nf6 2. Nc3 d5 3. g3 g6 4. Nf3 Bg7 5. Bg2 O-O 6. O-O c6 7. Bf4 Nbd7 8. Qd2
Re8 9. b4 Nb6 10. b5 Nc4 11. Qc1 Qa5 12. Qe1 Bf5 13. Ne5 Nxe5 14. Bxe5 Bh6 15.
Nxd5 Qxe1 16. Nxf6+ exf6 17. Rfxe1 fxe5 18. bxc6 exd4 0-1

[Event "14 ème Open Noel TOUR du ROY"]
[Site "Charleville"]
[Date "2017.12.26"]
[Round "3.14"]
[White "Toro, William"]
[Black "Leclere, Jean-Yves"]
[Result "0-1"]
[WhiteElo "1440"]
[BlackElo "1695"]
[PlyCount "64"]
[EventDate "2017.??.??"]

1. d4 Nf6 2. c4 c5 3. d5 e6 4. dxe6 fxe6 5. Bg5 Be7 6. Nf3 O-O 7. e3 Nc6 8. Bd3
Nb4 9. Be2 b6 10. a3 Nc6 11. Qc2 d5 12. b3 Qc7 13. Bd3 h6 14. Bxf6 Bxf6 15. Nc3
Ne5 16. Nxe5 Qxe5 17. Rc1 Bb7 18. cxd5 exd5 19. O-O Rfe8 20. Rfd1 Qg5 21. f4
Qh5 22. Bg6 Qh4 23. Bxe8 Rxe8 24. Nxd5 Bxd5 25. Rxd5 Rxe3 26. Qc4 (26. Rf1 {
gardait l'avantage} Qg4 27. Qc4) 26... Kh7 27. f5 (27. Qc2+) 27... Bd4 28. g3
Rxg3+ 29. Kf1 Qf4+ 30. Ke1 Qf2+ 31. Kd1 Rg1+ 32. Qf1 Rxf1# 0-1

[Event "14 ème Open Noel TOUR du ROY"]
[Site "Charleville"]
[Date "2017.12.26"]
[Round "3.15"]
[White "Laureys, Jo"]
[Black "Fauchart, Francois"]
[Result "0-1"]
[WhiteElo "1388"]
[BlackElo "1685"]
[PlyCount "66"]
[EventDate "2017.??.??"]

1. d4 d5 2. Nf3 Nf6 3. b3 e6 4. a3 b6 5. Bb2 Bd6 6. Nbd2 Nbd7 7. e3 O-O 8. g3
Bb7 9. Bg2 Re8 10. Ne5 c5 11. c4 cxd4 12. exd4 Qc7 13. Qe2 dxc4 14. Bxb7 Qxb7
15. O-O cxb3 16. Nxb3 Qd5 17. Nd2 Rec8 18. Rac1 b5 19. Ndf3 h6 20. Nh4 a6 21.
f4 Be7 22. Ng2 Qa2 23. Ra1 Qb3 24. Rab1 Rc2 25. Qd3 Qxd3 26. Nxd3 Ne4 27. Rfd1
Rac8 28. Ne3 Rd2 29. Rxd2 Nxd2 30. Rd1 Nc4 31. Nxc4 bxc4 32. Ne5 Nxe5 33. dxe5
Bc5+ 0-1

[Event "14 ème Open Noel TOUR du ROY"]
[Site "Charleville"]
[Date "2017.12.26"]
[Round "3.16"]
[White "Vandervorst, Marc"]
[Black "Hoch, Anna"]
[Result "1/2-1/2"]
[WhiteElo "1612"]
[BlackElo "1412"]
[PlyCount "81"]
[EventDate "2017.??.??"]

1. e4 d6 2. d4 Nf6 3. Nc3 g6 4. Nf3 Bg7 5. h3 c6 6. Be3 Qc7 7. Bd3 Nbd7 8. Qd2
e5 9. O-O O-O 10. Rad1 Re8 11. dxe5 Nxe5 12. Nxe5 dxe5 13. f4 Nh5 14. Bc4 Be6
15. Bxe6 Rxe6 16. f5 Rf6 17. Bg5 Rf8 18. Kh2 h6 19. Bxf6 Nxf6 20. Qe3 b5 21. b4
Qe7 22. a3 g5 23. g4 Kh7 24. Qd3 a6 25. Qd6 Qb7 26. Rd3 Qb6 27. Qc5 Qb7 28.
Rfd1 Qc7 29. a4 Re8 30. axb5 axb5 31. Nxb5 Qb8 32. Nd6 Rd8 33. Nxf7 Rxd3 34.
Rxd3 Nxe4 35. Qe7 Qb6 36. Rf3 Qb5 37. f6 Qe2+ 38. Kg1 Qe1+ 39. Kh2 Qe2+ 40. Kg1
Qe1+ 41. Kh2 1/2-1/2